Manual de neurología / (Record no. 38946)

MARC details
000 -LEADER
campo de control de longitud fija 00747nam a2200229 i 4500
001 - NÚMERO DE CONTROL
campo de control 38946
003 - IDENTIFICADOR DE NÚMERO DE CONTROL
campo de control ES-MaACL
005 - FECHA Y HORA DE LA ÚLTIMA TRANSACCIÓN
campo de control 20230906155844.0
007 - CAMPO FIJO DE DESCRIPCIÓN FÍSICA--INFORMACIÓN GENERAL
campo de control de longitud fija t|
008 - DATOS DE LONGITUD FIJA--INFORMACIÓN GENERAL
campo de control de longitud fija 030226s1978 sp ||||1| spa d
100 1# - ENTRADA PRINCIPAL--NOMBRE DE PERSONA
Nombre de persona Cambier, Jean.
9 (RLIN) 34028
245 10 - MENCIÓN DEL TÍTULO
Título Manual de neurología /
Mención de responsabilidad, etc. por Jean Cambier, M. Masson, H. Dehen ; prólogo Luis Barraquer Bordás ; versión Isidro Sancho Villa.
250 ## - MENCION DE EDICION
Mención de edición 2ª ed. rev.
260 ## - PUBLICACIÓN, DISTRIBUCIÓN, ETC.
Lugar de publicación, distribución, etc. Barcelona :
Nombre del editor, distribuidor, etc. Toray :
-- Masson,
Fecha de publicación, distribución, etc. [1978]
300 ## - DESCRIPCIÓN FÍSICA
Extensión XII, 562 p. :
Otras características físicas il. ;
Dimensiones 21 cm.
650 #4 - PUNTO DE ACCESO ADICIONAL DE MATERIA--TÉRMINO DE MATERIA
Término de materia o nombre geográfico como elemento de entrada Neurología.
9 (RLIN) 136593
700 1# - ENTRADA AGREGADA--NOMBRE PERSONAL
Nombre de persona Masson, M.
9 (RLIN) 78845
700 1# - ENTRADA AGREGADA--NOMBRE PERSONAL
Nombre de persona Barraquer Bordas, L.
9 (RLIN) 25855
700 1# - ENTRADA AGREGADA--NOMBRE PERSONAL
Nombre de persona Sancho Villa, Isidro.
9 (RLIN) 103057
700 1# - ENTRADA AGREGADA--NOMBRE PERSONAL
Nombre de persona Dehen, H.
9 (RLIN) 43241
852 ## - LOCALIZACIÓN
Ubicación ES-MaACL
Número de control de estantería A-10773
Sublocalización o colección R.100060
Holdings
Estatus retirado Estado de pérdida Estado de daño No para préstamo Biblioteca de origen Biblioteca actual Ubicación en estantería Fecha de adquisición Fuente de adquisición Total de préstamos Signatura topográfica completa Código de barras Visto por última vez Precio de reemplazo Tipo de ítem Koha
        Biblioteca del Ateneo de Madrid Biblioteca del Ateneo de Madrid Depósito 1 17/01/2008     A-10773 1041007 23/02/2023 23/02/2023 Libro impreso